000 00982nam a22003137c 4500
003 EG-GICUC
005 20260203094348.0
008 260203s1949 nz ak||fr|||| 000 0 eng d
040 _aEG-GiCUC
_beng
_cEG-GiCUC
_dEG-GiCUC
_erda
041 0 _aeng
082 0 4 _221
_a341.851
_bRE
092 0 4 _221
099 _aLaw1 12 341.851 RE 1949
245 1 4 _aRecueil Des Sentences Arbitrales.
_nVolume III.
246 1 _aRecueil Des Sentences Arbitrales
264 1 _aLeyden :
_bA. W Sijthoff s Publishing,
_c1949.
300 _a2230 pages,
_c24 cm.
_billustrations,
336 _2rda content
_atext
337 _2rda media
_aComputer
338 _2rda carrier
_aOnline Resource
504 _aIncludes bibliographical references and index.
546 _aText in English
650 1 4 _aPrivate international law
_2
651 1 _2
710 2 _aUnited Nations
856 4 0 _uhttps://fll.law.cu.edu.eg/fulltext/bks/B12-02420.pdf
905 _a48
942 _2ddc
_cBK
_e21
_n0
999 _c60435
_d60435